[Event "ROM-ch U10"]
[Site "Baile Felix"]
[Date "2017.02.06"]
[Round "6"]
[White "Stoica, Matei Gabriel"]
[Black "Revnic, Radu Andrei"]
[Result "0-1"]
[WhiteElo "1130"]
[BlackElo "1191"]
[PlyCount "121"]
[EventDate "2017.02.02"]
[EventType "swiss"]
[EventRounds "9"]
[EventCountry "ROU"]
[SourceTitle "CBM 176 Extra"]
[Source "ChessBase"]
[SourceDate "2017.03.02"]
[SourceVersion "1"]
[SourceVersionDate "2017.03.02"]
[SourceQuality "1"]

1. e4 c5 2. Nf3 d6 3. Bc4 e6 4. d3 Nc6 5. Nc3 Qc7 6. Be3 Nf6 7. 0-0 Be7 8. Qd2 0-0 9. h3 Re8 10. Nh2 d5 11. Bb3 d4 12. Nb5 Qb6 13. Na3 dxe3 14. Qxe3 a6 15. Nc4 Qc7 16. e5 Nd5 17. Qe4 b5 18. Ne3 Nxe3 19. fxe3 Bb7 20. Qf4 Rac8 21. d4 a5 22. d5 Qxe5 23. dxc6 Qxf4 24. Rxf4 Bxc6 25. a3 Red8 26. Raf1 c4 27. Ba2 f5 28. b3 Bd5 29. bxc4 g5 30. R4f2 bxc4 31. a4 Rb8 32. Kh1 Rb4 33. Nf3 Rxa4 34. c3 Bf6 35. Nd4 Bxd4 36. exd4 Rc8 37. Rb1 Ra3 38. Rc2 Be4 39. Rbc1 Bxc2 40. Rxc2 Kf7 41. g4 fxg4 42. hxg4 Ke7 43. Rh2 Rh8 44. Bxc4 Rxc3 45. Ba2 Rc1+ 46. Kg2 Rc2+ 47. Kg3 Rxh2 48. Kxh2 Rb8 49. Kg3 Rb4 50. d5 exd5 51. Bxd5 Rd4 52. Bg8 h6 53. Kf3 a4 54. Ba2 Rb4 55. Bg8 a3 56. Bd5 Rb2 57. Ke4 a2 58. Bxa2 Rxa2 59. Kf5 Ra5+ 60. Kg6 Rb5 61. Kxh6 0-1